00441nam a22001577a 4500008004100000020001500041050002700056245005700083250001200140260003900152300001800191650001900209700001600228700001700244700002200261200923b xxu||||| |||| 00| 0 eng d a0170178730 aHB172.5b.P75 2009 c.1 aPrinciples of macroeconomicscStonecash [et... al.]. a4th ed. aAustralia bCengage Learningc2009 axxviii, 473p. aMacroeconomics aJoshua Gans aStephen King aN. Gregory Mankiw